000 00821cam a2200277 i 4500
001 768714001
003 CO-MdBIC
005 20231130152513.0
008 231130t1961 enk||||| |||| 00| 0 eng d
040 _bspa.
_aCO-MdFUSB
_cCO-MdFUSB
_dCO-MdFUSBC
_erda
041 0 _aeng
082 0 4 _aG 231.7 P6551t (PR)
100 1 _aPink, Arthur W. (Walkington) (1886-1952)
245 1 0 _aThe sovereignty of God / Arthur W. Pink
_c/
250 _a6
264 _aLondon : The Banner of Truth Trust
_bThe Banner of Truth Trust,
_c[1961]
264 _c©1961
300 _a160 Pag
_c;
336 _atexto
_btxt
_2rdacontent
337 _2rdamedia
_asin mediación
_bn
338 _2rdacarrier
_avolumen
_bnc
500 _aColección profesor Manuel Reaño 1 ej.
650 7 _aDios
_9178
942 _cBK
945 _aJOHAN1477
999 _c41647
_d41647